=LDR 00000nam 2200000 4500 =001 INLIS000000000010933 =005 20130612102536 =008 ***********************************Ind** =035 ##$$0010-061300000010933 =041 ##$$a Ind =082 ##$$a 387.5 =090 ##$$a 387.5, Soe s =100 ##$$a Soedjono, Wiwoho =245 ##$$a Sarana-sarana penunjang pengangkutan laut, Wiwoho Soedjono SH =250 ##$$a Seri Hukum dagang =260 ##$$a 1983 $b Jakarta Bina Aksara =300 ##$$a 102hlm, 21 cm =650 ##$$a Pengangkutan laut =850 ##$$a NBPNMAT